| 000 | 00889nam a2200277 a 4500 | ||
|---|---|---|---|
| 001 | 000030813 | ||
| 003 | DO-SdBNP | ||
| 005 | 20180402140943.0 | ||
| 007 | 000030813 | ||
| 008 | 110530s20uu dr 000 0 spa d | ||
| 040 |
_aBPMSU _bspa _cBPMSU |
||
| 092 |
_a843 _bS137pr |
||
| 100 | 1 |
_aSaint-Exupêry, Antoine de, _d1900-1944 |
|
| 245 | 1 | 3 |
_aEl principito. / _cAntoine de Saint-Exupêry ; versión Sylvia Max : ilustración Mercedes Esteban |
| 260 |
_aSanto Domingo : _bTobogán _c2006 |
||
| 300 |
_a111 p. ; _c18 cm. |
||
| 490 | 1 | _aClásicos universales Tobogán | |
| 650 | 4 | _aLITERATURA INFANTIL | |
| 650 | 4 | _aLITERATURA FRANCESA | |
| 700 |
_4 Esteban, Mercedes _ail. |
||
| 830 | 0 | _aClásicos universales | |
| 910 | _aValidado. Control de calidad MFF | ||
| 942 |
_2ddc _cBK |
||
| 945 | _aRemanejado para la BNPHU / 2018 VM | ||
| 956 |
_aVMATEO _b10 _c20150416 _lBPMSU _h00151 |
||
| 999 |
_c7655 _d7655 |
||